01414nab a22002177a 4500999001500000003000400015005001700019008004100036040000700077100004100084245014700125260007300272300001200345500007200357505046300429505008900892650003500981650002801016773013901044942001301183 c5673d5673OSt20251227010939.0190603e xxum|||| |||| 00| 0 spa d cPJ 94780aLafferriére, Jorge Nicolás13aEl vicio de lesión a 10 años de la sanción del Código Civil y Comercial : buna revisión doctrinaria /cJorge Nicolás Lafferriere. cCiudad Autónoma de Buenos Aires :aThomson Reuters La Ley, b2025. ap. 5-20 aCita: TR LALEY AR/DOC/1773/2025 Publicado en: RCCyC 2025 (agosto). aSumario: I. Introducción.— II. Cuestiones controvertidas de la lesión.— III. El fundamento de la lesión.— IV. El ámbito de aplicación de la lesión.— V. Los parámetros del elemento objetivo.— VI. Sobre los alcances del elemento subjetivo del lesionado.— VII. Sobre la presunción legal de la lesión.— VIII. Criterios para decidir el reajuste equitativo.— IX. La lesión y su relación con otras figuras.— X. Conclusiones.  t¿Te interesa el texto completo? Solicitalo al correo: koha@justierradelfuego.gov.ar 091497aCODIGO CIVIL Y COMERCIAL 092528aACTOS JURÍDICOS0 0271393170dCiudad Autónoma de Buenos Aires : Thomson Reuters La Ley, 2015-tRevista Código Civil y Comercial. Nº 4 - Agosto 2025 2udccANA